000 00793nas a2200265 4500
001 BR7806017
003 BR-BrBNA
005 20231205083527.0
007 ta
008 230509b bl.|||p| |||| 00| 00por d
040 _aBR-BrBNA
_bpor
_cBiblioteca Nacional de Agricultura
041 _a(Pt)
072 _aK10; K20; E70
100 1 _aAnon.
245 1 _aPrevisao do consumo mundial de madeira para os proximos 15 anos [politica florestal]
650 _aMADEIRA
650 _aLENHA
650 _aEXTRACAO DA MADEIRA
650 _aADMINISTRACAO FLORESTAL
650 _aPOLITICA FLORESTAL
650 _aCONSUMO
773 0 _tRevista da Madeira (Brazil)
_xISSN 0034-7582
_g(Nov 1978), v. 27(323) p. 10-12
_wBR7806017
909 _a202311
_bLúcia
_c55
_dLúcia Elande
942 _2AGRIS
_n0
_cANA
999 _c99407
_d99407